000 00650nam a22002057a 4500
003 OSt
005 20230726094926.0
008 221006b |||||||| |||| 00| 0 eng d
040 _cBiblioteca Lado V
082 _a708
_bG149r
100 _9910
_aGaldámez, Romeo
_eautora
245 _aRomeo Galdámez/
260 _bCentro Cultural de España
_c2008
_aEl Salvador
300 _c17x17cm
_a32p.
366 _espa
650 _2Tesauro de Arte & Arquitectura
_aARTE
_9703
650 _2Tesauro de Arte & Arquitectura
_aEXPOSICION
_9702
651 _2Tesauro de Arte & Arquitectura
_aEL SALVADOR
942 _2ddc
_c1
_h708
_iG149r
_n0
999 _c4085
_d4085